Geography Quiz

Random Geography or City Quiz

Top 20 Cities of Germany on a Map Quiz Stats

 Plays Quiz Updated Dec 18, 2019

     
Support Sporcle.
Go Orange.
Score 0/20 Timer 06:00
38 Plays Today
% Correct
1. Berlin
99.4%
3. Munich
95.1%
2. Hamburg
88.7%
5. Frankfurt
84.8%
4. Cologne
77.6%
7. Düsseldorf
68%
6. Stuttgart
67.4%
12. Dresden
64.5%
11. Bremen
61.6%
8. Dortmund
58.9%
% Correct
10. Leipzig
56.1%
13. Hannover
55.8%
19. Bonn
54.7%
9. Essen
52.7%
14. Nuremberg
51.7%
20. Münster
28.4%
15. Duisburg
27.3%
16. Bochum
23.7%
18. Bielefeld
22.6%
17. Wuppertal
20.7%

From the Vault

Big 4 Athletes Mapped Out

by kittypoo

Sports 10m
Some of these athletes were easy to follow. Others not so much.
Remove Ads.
Support Sporcle.
Get the best of Sporcle when you Go Orange. This ad-free experience offers more features, more stats, and more fun while also helping to support Sporcle. Thank you for becoming a member.

Show Comments

Extras

Top Quizzes Today


Score Distribution

Your Account Isn't Verified!

In order to create a playlist on Sporcle, you need to verify the email address you used during registration. Go to your Sporcle Settings to finish the process.

Report this User

Report this user for behavior that violates our Community Guidelines.

Details: